00306pab a2200121 454500008004000000100002000040245005800060260000900118300001300127362001100140650001300151773002000164180718b2002 xxu||||| |||| 00| 0 eng d aBayti, Jamnalal aInterdisciplinary approach: a new device for research c2002 ap.12-17. a20 May aResearch aUniversity News